<?xml version="1.0" encoding="UTF-8"?><?xml-stylesheet type="text/xsl" href="static/style.xsl"?><OAI-PMH xmlns="http://www.openarchives.org/OAI/2.0/" xmlns:xsi="http://www.w3.org/2001/XMLSchema-instance" xsi:schemaLocation="http://www.openarchives.org/OAI/2.0/ http://www.openarchives.org/OAI/2.0/OAI-PMH.xsd"><responseDate>2026-04-17T04:57:09Z</responseDate><request verb="GetRecord" identifier="oai:www.recercat.cat:10459.1/465540" metadataPrefix="marc">https://recercat.cat/oai/request</request><GetRecord><record><header><identifier>oai:recercat.cat:10459.1/465540</identifier><datestamp>2025-09-15T18:57:32Z</datestamp><setSpec>com_2072_3622</setSpec><setSpec>col_2072_479130</setSpec></header><metadata><record xmlns="http://www.loc.gov/MARC21/slim" xmlns:dcterms="http://purl.org/dc/terms/" xmlns:xsi="http://www.w3.org/2001/XMLSchema-instance" xmlns:doc="http://www.lyncode.com/xoai" xsi:schemaLocation="http://www.loc.gov/MARC21/slim http://www.loc.gov/standards/marcxml/schema/MARC21slim.xsd">
   <leader>00925njm 22002777a 4500</leader>
   <datafield ind2=" " ind1=" " tag="042">
      <subfield code="a">dc</subfield>
   </datafield>
   <datafield ind2=" " ind1=" " tag="720">
      <subfield code="a">Romero Morales, Yasmina</subfield>
      <subfield code="e">author</subfield>
   </datafield>
   <datafield ind2=" " ind1=" " tag="260">
      <subfield code="c">2018-06</subfield>
   </datafield>
   <datafield ind2=" " ind1=" " tag="520">
      <subfield code="a">El objetivo de estas páginas es estudiar la representación de un personaje secundario, pero de aparición frecuente en la narrativa española de colonias publicada durante el siglo XX y a la que se ha decidido denominar mora-bestia. Esta mora-bestia es un tipo de «otra» marroquí que siempre ha vivido en el campo, a la que suele describirse como bestia de carga y que sufre diferentes procesos deshumanizadores como la animalización, naturalización, cosificación y monstruosificación. Una representación islamófoba que, bajo pretextos civilizadores que sirven de coartada para aplicar políticas coloniales y/o hegemónicas, fomenta la alterización y deshumanización de las verdaderas mujeres marroquíes, aquellas plurales y diversas que habitan en el Marruecos factual.</subfield>
   </datafield>
   <datafield ind2=" " ind1=" " tag="520">
      <subfield code="a">The objective of these pages is to study the representation of a secondary character, but one that appears frequently in the Spanish colonial narrative published during the 20th century and which has been decided to name moor-woman-beast. This moorwoman-beast is a type of «other» Moroccan who has always lived in the countryside, which is often described as a beast of burden and suffers different dehumanizing processes such as animalization, naturalization, reification and monstruosification. A islamophobic representation that, under civilizing pretexts that serve as an alibi for applying colonial and/or hegemonic policies, encourages the otherisation and dehumanization of the true Moroccan women, those women plural and diverse that
live in the factual Morocco.</subfield>
   </datafield>
   <datafield tag="653" ind2=" " ind1=" ">
      <subfield code="a">Narrativa colonial española</subfield>
   </datafield>
   <datafield tag="653" ind2=" " ind1=" ">
      <subfield code="a">Alteridad</subfield>
   </datafield>
   <datafield tag="653" ind2=" " ind1=" ">
      <subfield code="a">Marruecos</subfield>
   </datafield>
   <datafield tag="653" ind2=" " ind1=" ">
      <subfield code="a">Escritoras</subfield>
   </datafield>
   <datafield ind2="0" ind1="0" tag="245">
      <subfield code="a">La narrativa colonial española sobre Marruecos como fuente para el estudio de la mora-bestia: deshumanización y monstruosidad</subfield>
   </datafield>
   <datafield ind2="0" ind1="0" tag="245">
      <subfield code="a">The Spanish colonial narrative about Morocco as a source for the study of the moor-woman-beast: animalization and monstruosity</subfield>
   </datafield>
</record></metadata></record></GetRecord></OAI-PMH>